[Event "DVM U12 2019"]
[Site "Magdeburg GER"]
[Date "2019.12.27"]
[Round "1"]
[White "Fischer, Darja"]
[Black "Freude, Max"]
[Result "1/2-1/2"]
[Termination "normal"]
[Board "1.1"]
[WhiteElo "1546"]
[BlackElo "1809"]
[WhiteClock "00:00:51"]
[BlackClock "00:02:24"]
[WhiteTeam "Karlsruher SF 1853"]
[BlackTeam "SV Empor Berlin e.V."]
[PlyCount "90"]
[WhiteFideId "16240898"]
[BlackFideId "16236157"]
[EventCountry "GER"]
[EventRounds "7"]
[EventType "team-swiss"]
[EventDate "2019.12.26"]

1. d4 {[%clk 1:30:59]} Nf6 {[%clk 1:30:55]} 2. c4 {[%clk 1:31:24]} e6 {[%clk
1:31:21]} 3. Nc3 {[%clk 1:31:44]} Bb4 {[%clk 1:31:46]} 4. Qc2 {[%clk 1:26:09]}
O-O {[%clk 1:32:05]} 5. Bg5 {[%clk 1:25:25]} h6 {[%clk 1:31:29]} 6. Bh4 {[%clk
1:25:46]} d5 {[%clk 1:31:07]} 7. cxd5 {[%clk 1:23:43]} exd5 {[%clk 1:30:57]} 8.
e3 {[%clk 1:15:24]} Re8 {[%clk 1:22:05]} 9. Nf3 {[%clk 1:12:21]} c6 {[%clk
1:14:38]} 10. Bd3 {[%clk 1:09:49]} Nbd7 {[%clk 1:08:23]} 11. O-O {[%clk
1:07:03]} Qa5 {[%clk 1:03:53]} 12. Ne2 {[%clk 1:02:34]} Ne4 {[%clk 0:58:41]}
13. a3 {[%clk 0:58:10]} Bd6 {[%clk 0:57:17]} 14. Nc3 {[%clk 0:54:07]} Nxc3
{[%clk 0:55:03]} 15. Qxc3 {[%clk 0:53:55]} Qxc3 {[%clk 0:55:13]} 16. bxc3
{[%clk 0:54:20]} g5 {[%clk 0:55:04]} 17. Bg3 {[%clk 0:54:46]} Bxg3 {[%clk
0:54:57]} 18. hxg3 {[%clk 0:55:09]} g4 {[%clk 0:53:29]} 19. Nd2 {[%clk
0:45:07]} Nf6 {[%clk 0:52:00]} 20. Rfe1 {[%clk 0:43:51]} Ne4 {[%clk 0:51:12]}
21. Bxe4 {[%clk 0:42:11]} dxe4 {[%clk 0:51:10]} 22. Nb3 {[%clk 0:41:25]} b6
{[%clk 0:50:52]} 23. Nc1 {[%clk 0:41:25]} Be6 {[%clk 0:50:10]} 24. Ne2 {[%clk
0:41:36]} Rac8 {[%clk 0:49:30]} 25. Nf4 {[%clk 0:40:29]} Bc4 {[%clk 0:48:30]}
26. Rac1 {[%clk 0:40:18]} Red8 {[%clk 0:47:18]} 27. Red1 {[%clk 0:38:26]} Bb3
{[%clk 0:46:33]} 28. Re1 {[%clk 0:37:35]} c5 {[%clk 0:44:11]} 29. Rf1 {[%clk
0:35:41]} Rd6 {[%clk 0:40:14]} 30. Rfe1 {[%clk 0:33:43]} f5 {[%clk 0:37:58]}
31. Rf1 {[%clk 0:31:04]} Kf7 {[%clk 0:34:57]} 32. Rfe1 {[%clk 0:28:31]} Rd7
{[%clk 0:33:28]} 33. Rb1 {[%clk 0:23:56]} Bc2 {[%clk 0:27:37]} 34. Rbc1 {[%clk
0:23:25]} Bb3 {[%clk 0:27:28]} 35. Rb1 {[%clk 0:23:43]} Bc2 {[%clk 0:27:53]}
36. Rbc1 {[%clk 0:24:09]} Ba4 {[%clk 0:28:19]} 37. d5 {[%clk 0:12:46]} b5
{[%clk 0:24:04]} 38. Rb1 {[%clk 0:10:06]} a6 {[%clk 0:23:28]} 39. Rb2 {[%clk
0:10:17]} a5 {[%clk 0:16:16]} 40. Rc1 {[%clk 0:07:04]} Rb8 {[%clk 0:14:16]} 41.
Rcb1 {[%clk 0:05:17]} Ke7 {[%clk 0:12:00]} 42. Kf1 {[%clk 0:02:16]} Kd6 {[%clk
0:09:32]} 43. Ke2 {[%clk 0:01:40]} Rdb7 {[%clk 0:08:40]} 44. Rh1 {[%clk
0:01:25]} Rh7 {[%clk 0:07:24]} 45. Rh5 {[%clk 0:00:51]} Rf8 {[%clk 0:02:24]}
1/2-1/2

[Event "DVM U12 2019"]
[Site "Magdeburg GER"]
[Date "2019.12.27"]
[Round "1"]
[White "Monninkhoff, Yari"]
[Black "Kiefhaber, Tobias"]
[Result "1/2-1/2"]
[Termination "normal"]
[Board "1.2"]
[WhiteElo "1272"]
[BlackElo "1483"]
[WhiteClock "00:35:18"]
[BlackClock "00:15:28"]
[WhiteTeam "SV Empor Berlin e.V."]
[BlackTeam "Karlsruher SF 1853"]
[PlyCount "64"]
[WhiteFideId "16236149"]
[BlackFideId "16240693"]
[EventCountry "GER"]
[EventRounds "7"]
[EventType "team-swiss"]
[EventDate "2019.12.26"]

1. e4 {[%clk 1:30:56]} c6 {[%clk 1:30:53]} 2. d4 {[%clk 1:31:08]} d5 {[%clk
1:31:08]} 3. Nc3 {[%clk 1:31:13]} dxe4 {[%clk 1:31:21]} 4. Nxe4 {[%clk
1:31:06]} Nf6 {[%clk 1:31:13]} 5. Nxf6+ {[%clk 1:31:16]} exf6 {[%clk 1:31:20]}
6. Be3 {[%clk 1:31:03]} Bd6 {[%clk 1:29:44]} 7. Bd3 {[%clk 1:30:32]} Nd7 {[%clk
1:28:41]} 8. Nf3 {[%clk 1:30:00]} Nb6 {[%clk 1:28:19]} 9. O-O {[%clk 1:28:39]}
Bg4 10. c4 {[%clk 1:27:19]} Bc7 {[%clk 1:20:57]} 11. Re1 {[%clk 1:26:57]} O-O
{[%clk 1:20:47]} 12. h3 {[%clk 1:24:13]} Bh5 {[%clk 1:13:13]} 13. Rc1 {[%clk
1:21:45]} Re8 {[%clk 1:04:08]} 14. b3 {[%clk 1:14:46]} Qd7 {[%clk 1:02:30]} 15.
Bb1 {[%clk 1:09:42]} Re7 {[%clk 0:58:09]} 16. Qd3 {[%clk 1:05:06]} Bg6 {[%clk
0:53:46]} 17. Qd2 {[%clk 1:04:59]} Be4 {[%clk 0:45:17]} 18. Bxe4 {[%clk
1:01:06]} Rxe4 {[%clk 0:45:41]} 19. Qd3 {[%clk 1:00:18]} Rae8 {[%clk 0:43:07]}
20. Bd2 {[%clk 0:57:59]} f5 {[%clk 0:37:18]} 21. Ng5 {[%clk 0:53:17]} Rxe1+
{[%clk 0:29:03]} 22. Rxe1 {[%clk 0:53:12]} Rxe1+ 23. Bxe1 {[%clk 0:53:32]} c5
{[%clk 0:27:29]} 24. d5 {[%clk 0:52:35]} Qe7 {[%clk 0:25:55]} 25. Nf3 {[%clk
0:51:36]} f4 {[%clk 0:22:46]} 26. Bc3 {[%clk 0:47:12]} f6 {[%clk 0:18:39]} 27.
Kf1 {[%clk 0:45:22]} Nd7 {[%clk 0:17:43]} 28. Qe2 {[%clk 0:44:13]} Ne5 {[%clk
0:17:30]} 29. Nxe5 {[%clk 0:43:59]} Bxe5 {[%clk 0:17:00]} 30. Bd2 {[%clk
0:43:08]} Kf8 {[%clk 0:16:28]} 31. Qe4 {[%clk 0:41:29]} g5 {[%clk 0:15:28]} 32.
Qe2 {[%clk 0:35:18]} Ke8 1/2-1/2

[Event "DVM U12 2019"]
[Site "Magdeburg GER"]
[Date "2019.12.27"]
[Round "1"]
[White "Freude, Paul"]
[Black "Kossert, Simon"]
[Result "1-0"]
[Termination "normal"]
[Board "1.4"]
[WhiteElo "1491"]
[BlackElo "1343"]
[WhiteClock "00:15:46"]
[BlackClock "00:46:18"]
[WhiteTeam "SV Empor Berlin e.V."]
[BlackTeam "Karlsruher SF 1853"]
[PlyCount "72"]
[WhiteFideId "16280717"]
[BlackFideId "16283287"]
[EventCountry "GER"]
[EventRounds "7"]
[EventType "team-swiss"]
[EventDate "2019.12.26"]

1. e4 {[%clk 1:30:56]} c5 {[%clk 1:30:53]} 2. Nf3 {[%clk 1:31:17]} Nc6 {[%clk
1:31:16]} 3. d4 {[%clk 1:31:37]} cxd4 {[%clk 1:31:32]} 4. Nxd4 {[%clk 1:31:50]}
Nf6 {[%clk 1:31:46]} 5. Nc3 {[%clk 1:31:04]} e6 {[%clk 1:31:27]} 6. Be3 {[%clk
1:30:55]} Bb4 {[%clk 1:30:43]} 7. f3 {[%clk 1:30:08]} O-O {[%clk 1:30:06]} 8.
Be2 {[%clk 1:29:48]} d5 {[%clk 1:24:24]} 9. Nxc6 {[%clk 1:24:11]} bxc6 {[%clk
1:24:39]} 10. e5 {[%clk 1:23:55]} Nd7 {[%clk 1:23:36]} 11. f4 {[%clk 1:18:07]}
f6 {[%clk 1:23:42]} 12. exf6 {[%clk 1:16:01]} Qxf6 {[%clk 1:22:03]} 13. O-O
{[%clk 1:11:17]} Bxc3 {[%clk 1:21:46]} 14. bxc3 {[%clk 1:11:05]} Qxc3 {[%clk
1:21:21]} 15. Bd4 {[%clk 1:09:36]} Qa5 {[%clk 1:16:58]} 16. Bd3 {[%clk
1:05:37]} c5 {[%clk 1:15:21]} 17. Qh5 {[%clk 0:54:42]} g6 {[%clk 1:14:52]} 18.
Bxg6 {[%clk 0:54:08]} Nf6 {[%clk 1:13:13]} 19. Bxh7+ {[%clk 0:47:20]} Kh8
{[%clk 1:10:48]} 20. Bxf6+ {[%clk 0:37:17]} Rxf6 {[%clk 1:11:01]} 21. Rf3
{[%clk 0:36:41]} Qc7 {[%clk 1:05:51]} 22. Bd3+ {[%clk 0:32:41]} Kg8 {[%clk
1:03:48]} 23. Qh4 {[%clk 0:29:42]} Rf7 {[%clk 0:59:39]} 24. Rh3 {[%clk
0:26:32]} Kf8 {[%clk 0:55:04]} 25. Qg5 {[%clk 0:25:12]} Ke8 {[%clk 0:51:13]}
26. Bb5+ {[%clk 0:24:14]} Bd7 {[%clk 0:50:54]} 27. Qg8+ {[%clk 0:21:30]} Rf8
{[%clk 0:50:05]} 28. Qxe6+ {[%clk 0:21:16]} Kd8 {[%clk 0:50:06]} 29. Qxd5
{[%clk 0:20:36]} Rb8 {[%clk 0:49:01]} 30. Bxd7 {[%clk 0:20:33]} Qxd7 {[%clk
0:47:57]} 31. Qxc5 {[%clk 0:20:27]} Rc8 {[%clk 0:47:18]} 32. Qxf8+ {[%clk
0:20:34]} Kc7 {[%clk 0:46:54]} 33. Qc5+ {[%clk 0:17:35]} Kb8 {[%clk 0:46:55]}
34. Rb1+ {[%clk 0:17:00]} Ka8 {[%clk 0:47:23]} 35. Qe5 {[%clk 0:16:27]} Re8
{[%clk 0:46:18]} 36. Rh8 {[%clk 0:15:46]} Qd1+ 1-0

[Event "DVM U12 2019"]
[Site "Magdeburg GER"]
[Date "2019.12.27"]
[Round "1"]
[White "Kempe, Caius Emilian"]
[Black "Uhlmann, Tim"]
[Result "1-0"]
[Termination "normal"]
[Board "2.1"]
[WhiteElo "1832"]
[BlackElo "1446"]
[WhiteClock "00:17:59"]
[BlackClock "00:38:09"]
[WhiteTeam "USV TU Dresden"]
[BlackTeam "SF Neureut 1953 e.V."]
[PlyCount "111"]
[WhiteFideId "16246861"]
[BlackFideId "16239210"]
[EventCountry "GER"]
[EventRounds "7"]
[EventType "team-swiss"]
[EventDate "2019.12.26"]

1. d4 {[%clk 1:30:58]} d5 {[%clk 1:30:55]} 2. c4 {[%clk 1:31:18]} e6 {[%clk
1:31:21]} 3. Nc3 {[%clk 1:31:11]} c5 {[%clk 1:31:40]} 4. e3 {[%clk 1:30:09]}
cxd4 {[%clk 1:31:55]} 5. exd4 {[%clk 1:30:19]} Nf6 {[%clk 1:32:14]} 6. Nf3
{[%clk 1:30:18]} Nc6 {[%clk 1:31:50]} 7. Be2 {[%clk 1:27:59]} a6 {[%clk
1:31:28]} 8. a4 {[%clk 1:27:57]} Ne4 {[%clk 1:28:39]} 9. O-O {[%clk 1:25:37]}
Bb4 {[%clk 1:26:32]} 10. Qc2 {[%clk 1:22:04]} Bxc3 {[%clk 1:24:07]} 11. bxc3
{[%clk 1:22:19]} O-O {[%clk 1:24:15]} 12. Ne5 {[%clk 1:10:02]} f6 {[%clk
1:23:11]} 13. Nxc6 {[%clk 1:09:31]} bxc6 {[%clk 1:23:30]} 14. f3 {[%clk
1:08:35]} Nd6 {[%clk 1:21:10]} 15. c5 {[%clk 1:08:15]} Nb7 {[%clk 1:17:32]} 16.
Bd3 {[%clk 1:05:13]} f5 {[%clk 1:14:32]} 17. Bf4 {[%clk 1:04:16]} Qd7 {[%clk
1:11:44]} 18. Rfe1 {[%clk 1:03:23]} Nd8 {[%clk 1:10:07]} 19. Rab1 {[%clk
0:59:57]} Nf7 {[%clk 1:08:31]} 20. a5 {[%clk 0:55:37]} Bb7 {[%clk 1:05:44]} 21.
Rb6 {[%clk 0:55:18]} g5 {[%clk 1:04:31]} 22. Bg3 {[%clk 0:55:18]} Kg7 {[%clk
1:03:56]} 23. Be5+ {[%clk 0:54:13]} Nxe5 {[%clk 1:03:50]} 24. Rxe5 {[%clk
0:54:42]} Rf6 {[%clk 1:00:09]} 25. Qe2 {[%clk 0:53:17]} Qc8 {[%clk 0:57:29]}
26. Qd2 {[%clk 0:51:57]} h6 {[%clk 0:56:41]} 27. Re1 {[%clk 0:49:40]} Ra7
{[%clk 0:52:48]} 28. Qe2 {[%clk 0:47:06]} h5 {[%clk 0:50:39]} 29. Qd2 {[%clk
0:41:35]} Kg6 {[%clk 0:39:49]} 30. Qe2 {[%clk 0:38:45]} Kg7 {[%clk 0:38:40]}
31. Qb2 {[%clk 0:35:55]} Rf7 {[%clk 0:37:02]} 32. Re5 {[%clk 0:34:45]} g4
{[%clk 0:35:27]} 33. Qf2 {[%clk 0:31:58]} Qd7 {[%clk 0:26:03]} 34. Qe3 {[%clk
0:27:50]} Rf6 {[%clk 0:24:39]} 35. fxg4 {[%clk 0:25:21]} hxg4 {[%clk 0:24:11]}
36. Qf4 {[%clk 0:22:14]} Qc7 {[%clk 0:18:06]} 37. g3 {[%clk 0:15:45]} Qd7
{[%clk 0:16:13]} 38. Re2 {[%clk 0:13:34]} Rf7 {[%clk 0:13:30]} 39. Qe5+ {[%clk
0:08:48]} Rf6 {[%clk 0:13:20]} 40. Qb8 {[%clk 0:06:24]} Bc8 {[%clk 0:12:55]}
41. Qd6 {[%clk 0:22:43]} Kf7 {[%clk 0:38:03]} 42. Qxc6 {[%clk 0:22:10]} Qxc6
{[%clk 0:38:13]} 43. Rxc6 {[%clk 0:22:32]} Ra8 {[%clk 0:38:18]} 44. Rb2 {[%clk
0:21:13]} Ke7 {[%clk 0:37:08]} 45. Rd6 {[%clk 0:20:25]} Rf8 {[%clk 0:36:56]}
46. Rbb6 {[%clk 0:19:39]} Rd8 {[%clk 0:37:13]} 47. Rxd8 {[%clk 0:16:44]} Kxd8
{[%clk 0:37:30]} 48. Kf2 {[%clk 0:17:00]} Ke7 {[%clk 0:37:43]} 49. Ke3 {[%clk
0:17:00]} Kd7 {[%clk 0:38:03]} 50. Kf4 {[%clk 0:17:23]} Ke8 {[%clk 0:38:19]}
51. Ke5 {[%clk 0:17:31]} Ke7 {[%clk 0:38:29]} 52. c4 {[%clk 0:17:31]} dxc4
{[%clk 0:38:25]} 53. Bxc4 {[%clk 0:17:59]} Ra7 {[%clk 0:38:09]} 54. Bxe6 Rb7
55. Rc6 Ra7 56. Rb6 1-0

[Event "DVM U12 2019"]
[Site "Magdeburg GER"]
[Date "2019.12.27"]
[Round "1"]
[White "Scheinmaier, Mark"]
[Black "Espig, Nils"]
[Result "1/2-1/2"]
[Termination "normal"]
[Board "2.2"]
[WhiteElo "1399"]
[BlackElo "1596"]
[WhiteClock "00:05:53"]
[BlackClock "00:13:23"]
[WhiteTeam "SF Neureut 1953 e.V."]
[BlackTeam "USV TU Dresden"]
[PlyCount "79"]
[WhiteFideId "16238958"]
[BlackFideId "16236980"]
[EventCountry "GER"]
[EventRounds "7"]
[EventType "team-swiss"]
[EventDate "2019.12.26"]

1. d4 {[%clk 1:30:53]} Nf6 {[%clk 1:30:38]} 2. c4 {[%clk 1:30:28]} c5 {[%clk
1:30:17]} 3. d5 {[%clk 1:30:20]} b5 {[%clk 1:30:25]} 4. b3 {[%clk 1:30:22]} d6
{[%clk 1:29:41]} 5. Nd2 {[%clk 1:29:24]} g6 {[%clk 1:27:39]} 6. Bb2 {[%clk
1:28:43]} Bg7 {[%clk 1:27:10]} 7. e4 {[%clk 1:26:38]} b4 {[%clk 1:25:46]} 8. f4
{[%clk 1:24:08]} Nh5 {[%clk 1:18:07]} 9. Bxg7 {[%clk 1:23:47]} Nxg7 {[%clk
1:18:29]} 10. Be2 {[%clk 1:20:45]} Nd7 {[%clk 1:07:34]} 11. Ngf3 O-O 12. O-O
{[%clk 1:17:50]} e6 {[%clk 1:04:58]} 13. a3 {[%clk 1:11:03]} bxa3 {[%clk
1:02:31]} 14. Rxa3 Re8 {[%clk 1:01:03]} 15. Nb1 {[%clk 1:06:14]} exd5 {[%clk
0:57:15]} 16. exd5 {[%clk 1:04:25]} Nf5 {[%clk 0:54:57]} 17. Re1 {[%clk
1:00:32]} Re4 {[%clk 0:48:37]} 18. Bd3 {[%clk 0:58:57]} Rxe1+ {[%clk 0:47:47]}
19. Qxe1 {[%clk 0:59:05]} Nf6 {[%clk 0:46:34]} 20. Nc3 {[%clk 0:58:06]} a6
{[%clk 0:44:09]} 21. Ne4 {[%clk 0:53:49]} Nxe4 {[%clk 0:43:27]} 22. Bxe4 {[%clk
0:53:18]} Qe7 {[%clk 0:42:42]} 23. Ra1 {[%clk 0:47:57]} Bd7 {[%clk 0:40:41]}
24. Bxf5 {[%clk 0:44:59]} Qxe1+ {[%clk 0:40:48]} 25. Rxe1 {[%clk 0:45:21]} Bxf5
{[%clk 0:41:06]} 26. Re7 {[%clk 0:45:18]} Kf8 {[%clk 0:41:13]} 27. Rb7 {[%clk
0:45:04]} a5 {[%clk 0:39:53]} 28. Ng5 {[%clk 0:40:33]} h5 {[%clk 0:29:54]} 29.
Rxf7+ {[%clk 0:37:33]} Kg8 {[%clk 0:29:31]} 30. Rf6 {[%clk 0:29:59]} Rd8 {[%clk
0:24:34]} 31. Ne6 {[%clk 0:26:47]} Rb8 {[%clk 0:21:47]} 32. Nc7 {[%clk
0:23:34]} Rxb3 {[%clk 0:19:25]} 33. Rxd6 {[%clk 0:23:49]} Rc3 {[%clk 0:18:32]}
34. Rc6 {[%clk 0:21:22]} Rxc4 {[%clk 0:18:06]} 35. Na6 {[%clk 0:20:44]} Be4
{[%clk 0:15:46]} 36. Rc8+ {[%clk 0:16:32]} Kf7 {[%clk 0:15:53]} 37. Rc7+ {[%clk
0:11:58]} Kf6 {[%clk 0:14:52]} 38. Nxc5 {[%clk 0:08:02]} Bxd5 {[%clk 0:14:05]}
39. Nd7+ {[%clk 0:08:00]} Ke6 {[%clk 0:13:23]} 40. Rxc4 {[%clk 0:05:53]}
1/2-1/2

[Event "DVM U12 2019"]
[Site "Magdeburg GER"]
[Date "2019.12.27"]
[Round "1"]
[White "von Mettenheim, Johannes"]
[Black "Schwartz, Oliver"]
[Result "1-0"]
[Termination "normal"]
[Board "4.1"]
[WhiteElo "1971"]
[BlackElo "1716"]
[WhiteTeam "Schachzentrum Bemerode"]
[BlackTeam "SC Ostfildern 1952 e.V."]
[PlyCount "63"]
[WhiteFideId "16244818"]
[BlackFideId "16207459"]
[EventCountry "GER"]
[EventRounds "7"]
[EventType "team-swiss"]
[EventDate "2019.12.26"]

1. d4 Nf6 2. c4 g6 3. f3 Bg7 4. e4 d6 5. Nc3 O-O 6. Be3 c5 7. Nge2 Nc6 8. d5
Ne5 9. Ng3 e6 10. Be2 exd5 11. cxd5 h5 12. O-O a6 13. a4 Rb8 14. h3 Nh7 15. f4
Nd7 16. Qc2 Qe7 17. Bd3 Nhf6 18. e5 dxe5 19. f5 h4 20. d6 Qxd6 21. Nge4 Nxe4
22. Nxe4 Qc6 23. Nxc5 Nxc5 24. Bxc5 Rd8 25. Be4 Qc7 26. fxg6 f5 27. Qb3+ Kh8
28. Bb6 Qe7 29. Bxd8 Qxd8 30. Bxf5 Bxf5 31. Rxf5 b5 32. Rh5+ 1-0

[Event "DVM U12 2019"]
[Site "Magdeburg GER"]
[Date "2019.12.27"]
[Round "1"]
[White "Chugunov, Ivan"]
[Black "Rehbein, Vitus"]
[Result "1-0"]
[Termination "normal"]
[Board "4.2"]
[WhiteElo "1383"]
[BlackElo "1547"]
[WhiteTeam "SC Ostfildern 1952 e.V."]
[BlackTeam "Schachzentrum Bemerode"]
[PlyCount "75"]
[WhiteFideId "16256808"]
[BlackFideId "16273427"]
[EventCountry "GER"]
[EventRounds "7"]
[EventType "team-swiss"]
[EventDate "2019.12.26"]

1. e4 d6 2. d4 Nf6 3. Nc3 g6 4. Bc4 Bg7 5. f4 O-O 6. Nf3 Nxe4 7. Nxe4 d5 8. Bd3
dxe4 9. Bxe4 Nc6 10. c3 Be6 11. d5 f5 12. Ng5 Bf7 13. Bf3 Na5 14. O-O Qd6 15.
Be3 Nc4 16. Nxf7 Rxf7 17. Qe2 Nb6 18. Rfd1 Rd8 19. c4 Qb4 20. Bxb6 Qxb6+ 21.
Kh1 Bd4 22. Rab1 Qf6 23. b4 b6 24. Re1 Bc3 25. Rec1 a5 26. a3 Qd4 27. g3 Re8
28. Rd1 Qf6 29. Qe6 Qxe6 30. dxe6 Rff8 31. Rd3 axb4 32. axb4 Bf6 33. Rbd1 Rc8
34. Bc6 Kg7 35. Rd7 Bc3 36. Rxe7+ Kf6 37. Rxh7 Kxe6 38. Bd7+ 1-0

[Event "DVM U12 2019"]
[Site "Magdeburg GER"]
[Date "2019.12.27"]
[Round "1"]
[White "Strübel, Tobias"]
[Black "Walter, Romeo"]
[Result "1-0"]
[Termination "normal"]
[Board "4.3"]
[WhiteElo "1379"]
[BlackElo "1501"]
[WhiteTeam "Schachzentrum Bemerode"]
[BlackTeam "SC Ostfildern 1952 e.V."]
[PlyCount "83"]
[WhiteFideId "16284860"]
[BlackFideId "16275055"]
[EventCountry "GER"]
[EventRounds "7"]
[EventType "team-swiss"]
[EventDate "2019.12.26"]

1. d4 d5 2. c4 dxc4 3. e3 Nf6 4. Bxc4 e6 5. Nc3 c5 6. Nf3 Nc6 7. Bb5 Bd7 8.
Bxc6 Bxc6 9. O-O Rc8 10. Ne5 cxd4 11. exd4 Bb4 12. Re1 Nd5 13. Bd2 O-O 14. Qg4
Qf6 15. Nxd5 Qf5 16. Qxf5 exf5 17. Bxb4 Bxd5 18. Bxf8 Kxf8 19. Rac1 Rd8 20. Rc7
g6 21. Rec1 Kg7 22. Rd7 Rxd7 23. Nxd7 Bc6 24. Ne5 Bd5 25. Rc7 Kf6 26. f4 a6 27.
Rd7 Bxa2 28. Rxb7 Bd5 29. Rb6+ Kg7 30. Rxa6 Bb3 31. Kf2 h6 32. Ke3 h5 33. Ra7
Bd5 34. b4 Bxg2 35. Rxf7+ Kg8 36. b5 Bd5 37. b6 Bxf7 38. b7 Be6 39. b8=Q+ Kg7
40. Qc7+ Kf6 41. Qd6 g5 42. Qf8+ 1-0

[Event "DVM U12 2019"]
[Site "Magdeburg GER"]
[Date "2019.12.27"]
[Round "1"]
[White "Kasperovich, Christian"]
[Black "Bangiev, Anton"]
[Result "0-1"]
[Termination "normal"]
[Board "4.4"]
[WhiteElo "786"]
[BlackElo "1431"]
[WhiteTeam "SC Ostfildern 1952 e.V."]
[BlackTeam "Schachzentrum Bemerode"]
[PlyCount "126"]
[WhiteFideId "16298012"]
[BlackFideId "16267222"]
[EventCountry "GER"]
[EventRounds "7"]
[EventType "team-swiss"]
[EventDate "2019.12.26"]

1. e4 d6 2. Nf3 Nf6 3. Nc3 g6 4. Bb5+ Bd7 5. d3 Bxb5 6. Nxb5 Bg7 7. O-O O-O 8.
Bg5 Nc6 9. Nc3 Qd7 10. Nd5 Nxd5 11. exd5 Ne5 12. Ne1 Ng4 13. h3 Nf6 14. c4 c6
15. Nf3 cxd5 16. cxd5 Nxd5 17. Bc1 Rac8 18. Ng5 Nf6 19. b3 Nd5 20. d4 Nf6 21.
a4 a5 22. Bb2 h6 23. Nf3 Ne4 24. Re1 d5 25. Nd2 Nxd2 26. Qxd2 b6 27. Qf4 Qc7
28. Qh4 e6 29. Bc1 Kh7 30. Bf4 Qd8 31. Qg3 Bxd4 32. Rad1 Bg7 33. Be5 Rc6 34.
Bxg7 Kxg7 35. Qe5+ Qf6 36. Qe3 Rfc8 37. Rd4 Rc3 38. Qd2 Rc2 39. Qe3 R8c3 40.
Qf4 Qxf4 41. Rxf4 Rxb3 42. Re5 Rc4 43. Rg4 Rxg4 44. hxg4 Rb4 45. g5 Rxa4 46.
gxh6+ Kxh6 47. Re3 Rb4 48. Ra3 a4 49. Kh1 b5 50. Rh3+ Kg7 51. Rc3 Rb3 52. Rc2
a3 53. Kg1 Rb2 54. Rxb2 axb2 55. Kf1 b1=Q+ 56. Ke2 Qc2+ 57. Kf3 Qd3+ 58. Kg4
f5+ 59. Kf4 Qe4+ 60. Kg3 b4 61. f3 Qe1+ 62. Kf4 b3 63. Kg5 Qg3# 0-1

[Event "DVM U12 2019"]
[Site "Magdeburg GER"]
[Date "2019.12.27"]
[Round "1"]
[White "Robelly, David"]
[Black "Schön, Florian"]
[Result "0-1"]
[Termination "normal"]
[Board "5.1"]
[WhiteElo "1289"]
[BlackElo "1713"]
[WhiteTeam "SC Wolfratshausen 1948 e.V."]
[BlackTeam "BSG Grün-Weiß Leipzig e. V."]
[PlyCount "81"]
[WhiteFideId "16236300"]
[BlackFideId "16259394"]
[EventCountry "GER"]
[EventRounds "7"]
[EventType "team-swiss"]
[EventDate "2019.12.26"]

1. Nc3 d5 2. e4 dxe4 3. Nxe4 Bf5 4. Ng3 Bg6 5. Nf3 Nf6 6. Ne5 e6 7. Nxg6 hxg6
8. Bb5+ Nbd7 9. O-O Bd6 10. Qf3 c6 11. Be2 Qc7 12. d4 O-O-O 13. b4 Bxb4 14. Rb1
Bd6 15. c4 Nh5 16. c5 Bf4 17. Qa3 b6 18. Bxh5 Bxc1 19. Rfxc1 gxh5 20. Ne4 Nf6
21. cxb6 axb6 22. Qa8+ Kd7 23. Nxf6+ gxf6 24. Qa6 Ra8 25. Qxb6 Rxa2 26. Qc5 Ra5
27. Qb6 Qxb6 28. Rxb6 Rc8 29. Rb7+ Rc7 30. Rb8 Rca7 31. f3 Ra1 32. Rbb1 Rxb1
33. Rxb1 Ra4 34. Rb7+ Ke8 35. Rc7 Rxd4 36. Rxc6 Kd7 37. Rc5 Rd5 38. Rxd5+ exd5
39. g4 h4 40. Kf2 d4 41. f4 0-1

[Event "DVM U12 2019"]
[Site "Magdeburg GER"]
[Date "2019.12.27"]
[Round "1"]
[White "Englert, Luca"]
[Black "Pichl, Christoph"]
[Result "0-1"]
[Termination "normal"]
[Board "5.2"]
[WhiteElo "1632"]
[BlackElo "1565"]
[WhiteTeam "BSG Grün-Weiß Leipzig e. V."]
[BlackTeam "SC Wolfratshausen 1948 e.V."]
[PlyCount "128"]
[WhiteFideId "16293088"]
[BlackFideId "16249739"]
[EventCountry "GER"]
[EventRounds "7"]
[EventType "team-swiss"]
[EventDate "2019.12.26"]

1. f4 Nf6 2. Nf3 d5 3. e3 Bf5 4. Nd4 Bd7 5. b3 Nc6 6. Nf3 e6 7. Bb2 Bd6 8. Nc3
a6 9. Be2 Qe7 10. Bd3 e5 11. fxe5 Nxe5 12. Nxe5 Bxe5 13. Be2 O-O-O 14. a4 d4
15. exd4 Bxd4 16. Nd5 Nxd5 17. Bxd4 Rde8 18. Rf1 Qh4+ 19. Bf2 Qxh2 20. Be3 Qg3+
21. Bf2 Qxg2 22. Rg1 Qe4 23. c4 Nf4 24. Be3 Ng2+ 25. Kf1 Nxe3+ 26. dxe3 Qxe3
27. Bg4 Qf4+ 28. Qf3 Qxf3+ 29. Bxf3 g6 30. Kf2 h5 31. Rad1 Be6 32. Bd5 Bxd5 33.
Rxd5 c6 34. Rd3 Kc7 35. Rgd1 Rd8 36. Kf3 Rxd3+ 37. Rxd3 Rd8 38. Re3 Rd7 39. c5
Kd8 40. Kf4 Rd5 41. Rc3 Ke7 42. Rc4 Kf6 43. Ke3 g5 44. Rb4 Rxc5 45. Rxb7 a5 46.
Rb6 Ke5 47. b4 axb4 48. Rxb4 f5 49. Rb3 f4+ 50. Kf2 Rc2+ 51. Kf1 Ra2 52. Rb4 c5
53. Rb5 Rxa4 54. Rxc5+ Kf6 55. Rc6+ Kf5 56. Rc5+ Kg4 57. Kf2 Ra2+ 58. Kg1 h4
59. Kh1 f3 60. Kg1 h3 61. Kh1 Kh4 62. Rc8 Kg3 63. Rc1 Rh2+ 64. Kg1 f2+ 0-1

[Event "DVM U12 2019"]
[Site "Magdeburg GER"]
[Date "2019.12.27"]
[Round "1"]
[White "Neuwirth, Mark"]
[Black "Vecera, Fabio"]
[Result "0-1"]
[Termination "normal"]
[Board "5.3"]
[WhiteElo "1314"]
[BlackElo "1529"]
[WhiteTeam "SC Wolfratshausen 1948 e.V."]
[BlackTeam "BSG Grün-Weiß Leipzig e. V."]
[PlyCount "86"]
[WhiteFideId "16244958"]
[BlackFideId "16281705"]
[EventCountry "GER"]
[EventRounds "7"]
[EventType "team-swiss"]
[EventDate "2019.12.26"]

1. e4 Nf6 2. Nc3 d5 3. exd5 Nxd5 4. Bc4 Nb6 5. Bb3 e6 6. d3 Nc6 7. Nf3 Be7 8.
Bf4 O-O 9. O-O Na5 10. Re1 Nxb3 11. axb3 Nd7 12. Ne5 Nf6 13. Ne4 c5 14. Nxf6+
Bxf6 15. Rb1 Qe7 16. Nc4 Rd8 17. Be5 Bxe5 18. Rxe5 f6 19. Re4 e5 20. Qe2 Bf5
21. Re3 Rd4 22. c3 Rd5 23. f4 Qd7 24. fxe5 Bxd3 25. Rxd3 Rxd3 26. e6 Re8 27.
Re1 Qd5 28. e7 b5 29. Na5 Rd2 30. Qg4 Kf7 31. c4 bxc4 32. bxc4 Qd4+ 33. Qxd4
Rxd4 34. Nc6 Rxc4 35. Nd8+ Kg6 36. Nb7 Rd4 37. Nd8 Rd7 38. Nc6 Rc7 39. Na5
Rexe7 40. Rxe7 Rxe7 41. Nc6 Re2 42. Nxa7 Rxb2 43. Nc6 c4 0-1